| 000 | 00390nam a2200145Ia 4500 | ||
|---|---|---|---|
| 008 | 220217s9999||||xx |||||||||||||| ||und|| | ||
| 020 | _a9780070681880 | ||
| 082 | _a511.6 ROS | ||
| 100 | _aRosen, Kenneth H | ||
| 245 | 0 | _aDiscrete mathematics | |
| 250 | _a7th | ||
| 260 |
_aTata mcgraw hill company Ltd _bNew Delhi _c2012 |
||
| 300 |
_aXXVIII, 1003p. _b595 |
||
| 650 | _aMATHEMATICS | ||
| 999 |
_c183945 _d183945 |
||